| 000 | 01021mam a2200301 4500 | ||
|---|---|---|---|
| 001 | 3644 | ||
| 003 | BD-RjUL | ||
| 005 | 20211208233750.0 | ||
| 008 | 131219s1953 ctua b 001 0 eng | ||
| 035 | _a(OCoLC)ocm00330716 | ||
| 035 | _a(BD-RjUL)3678 | ||
| 035 | _a(NNC)1760186 | ||
| 040 |
_aDLC _cCSU _dOCL _dUKM _dBD-RjUL _beng |
||
| 041 | _aeng | ||
| 082 | 0 | 0 |
_a338.91 _bINC 1953 |
| 100 | 1 |
_aMillikan, Max F., _911554 |
|
| 245 | 1 | 0 |
_aIncome stabilization for a developing democracy : _ba study of the politics and economics of high employment without inflation. _ced. by Max F Millikan. |
| 260 |
_aNew Haven : _bYale University Press, _cc1953. |
||
| 300 |
_axxi, 730 p. : _bill ; _c24 cm. |
||
| 490 | 1 |
_aStudies in national policy ; _v5 |
|
| 504 | _aIncludes Index & Bibliographical footnotes. | ||
| 650 | 0 |
_aEconomic policy. _911555 |
|
| 650 | 0 |
_aIncome. _911556 |
|
| 651 | 0 |
_aUnited States _xEconomic policy. _911557 |
|
| 830 | 0 |
_aStudies in national policy ; _v5. _9134142 |
|
| 942 |
_2ddc _cBK |
||
| 999 |
_c3644 _d3644 |
||